| 000 | 00373nam a22001457a 4500 | ||
|---|---|---|---|
| 003 | OSt | ||
| 005 | 20250221150017.0 | ||
| 008 | 250221b |||||||| |||| 00| 0 eng d | ||
| 020 | _a978935528752 | ||
| 040 | _c | ||
| 082 |
_a519.5 _bBAG |
||
| 245 |
_aFundamentals of Statistics in engineeirng _cBagchi,srijib Bhushan |
||
| 260 |
_bSPD _c2024 |
||
| 942 |
_2ddc _cBK _k519.5 _mBAG _n0 |
||
| 999 |
_c36132 _d36132 |
||